Liedtext - Nachbeben - Alligatoah - Statistiken

Allgemein
  • Dieses Quiz wurde 91 mal gespielt
  • Das Durchschnittsergebnis liegt bei 358 aus 507
Antwortstatistiken
Antwort % Korrekt
'n
98%
Nachbeben
98%
(Nachbeben)
98%
I
94%
Ich
94%
ich
94%
ich,
94%
'm
94%
Ei
92%
'ne
92%
sie
92%
sie,
92%
auf
90%
deine
90%
den
90%
die
88%
ein
88%
in
88%
In
88%
ja
88%
Ja
88%
Pass
88%
wir
88%
Wir
88%
Der
86%
der
86%
kein
86%
keine
86%
'ne
86%
Seele
86%
uns
86%
aus
84%
doch
84%
Doch
84%
nicht,
84%
nicht
84%
wear
84%
eine
82%
einen
82%
Kopf
82%
Mann
82%
noch
82%
Noch
82%
Schlaf
82%
sein'
82%
Sind
82%
sind
82%
zu
82%
Als
80%
baller
80%
hab
80%
Hab
80%
im
80%
isst
80%
mir
80%
my
80%
und
80%
Und
80%
wie
80%
Abends
78%
abends
78%
bin
78%
danach
78%
eigenen
78%
Herzen
78%
ist
78%
Ist
78%
Jahre
78%
legen,
78%
mein
78%
Meine
78%
meine
78%
nichts
78%
nur
78%
Nur
78%
Porzellanläden,
78%
Unser
78%
unsre
78%
alles
76%
alles,
76%
"Alles
76%
Also
76%
Außer
76%
außer
76%
Denn
76%
denn
76%
kann
76%
mich
76%
Schock,
76%
sunglasses
76%
Bis
73%
bis
73%
Es
73%
es
73%
für
73%
gesehen
73%
so
73%
so:
73%
Stahl,
73%
vielleicht
73%
wahr
73%
hart
71%
krankesten
71%
schockt
71%
um
71%
wenn
71%
zum
71%
schwarz
69%
wär
69%
Bloß
67%
Diese
67%
drück
67%
hassen
67%
Videocontent
67%
würd
67%
gibt's
65%
Gute
65%
Liebe,
65%
mit
65%
Mit
65%
'ner
65%
Qual
65%
Wahl
65%
würden
65%
Betonschicht
63%
dann
63%
Darknet,
63%
Dinge
63%
keinen
63%
leb
63%
leisten,
63%
mach
63%
"Nein"
63%
von
63%
am
61%
auch
61%
Bondage
61%
Dafür
61%
Einer
61%
Knopf
61%
Schaf
61%
acker
59%
Burnout-Therapien
59%
dir
59%
Eines
59%
Guten
59%
hoppala
59%
Kind
59%
Kriegen
59%
Mimik
59%
sagen
59%
schwarzes
59%
Träume
59%
träume
59%
Arbeitsmarkt
57%
Artikel
57%
"Einspruch"
57%
Konflikt
57%
Küche
57%
prügeln
57%
Seh
57%
Trauma,
57%
üben
57%
über
57%
verdienen
57%
Wacken
57%
Werd
57%
dass
55%
diesen
55%
Kröten
55%
Prothesenbau
55%
sich
55%
später
55%
Tasten
55%
äh,
53%
bösartigen
53%
braten
53%
Fratzen,
53%
Gute-Nacht-Lektüre
53%
haben
53%
Inkognito-Tabs,
53%
mache
53%
'nem
53%
Renteneintritt
53%
Tages,
53%
verprügel
53%
werden
53%
hoffe
51%
Irrer,
51%
Kommentare
51%
Leben
51%
okay?"
51%
Beziehung
49%
Bücher,
49%
einmal,
49%
Folgeschäden
49%
ins
49%
Ketamine
49%
Psychoterroristin
49%
Scholgefäden,
49%
"Vorbei
49%
vorbei,
49%
Waffengürtel
49%
Fell
47%
juckt"
47%
Königsdisziplin
47%
mal
47%
Niere
47%
Sekunde
47%
Spielen
47%
Unterbewusstsein
47%
dabei
45%
Dabei
45%
Geräusche
45%
grübel
45%
Interessieren
45%
müssen
45%
Versiegel
45%
wieder
45%
36
43%
Achselzucken
43%
Bemerk
43%
Bruchteil
43%
Chef
43%
dickem
43%
einem
43%
Heisenberg-Kristallen
43%
Jahrhundert
43%
Leitern,
43%
Stricke
43%
Unruhestand
43%
Beinbruch
41%
beleidigt
41%
fallen
41%
Flitterwochen,
41%
geliket
41%
Klar,
41%
Leute,
41%
Pinscher-Rüde
41%
Poet,
41%
Trotz
41%
vom
41%
Blick
39%
Führerbunker
39%
manchmal
39%
Model
39%
ob
39%
scroll
39%
Spartiat,
39%
wutentbrannt
39%
egal,
37%
feste
37%
Folterszenen
37%
ganz
37%
Lotto,
37%
Nackenmuskeln
37%
Schmähgedichten
37%
Stimmung
37%
voller
37%
Zuhause
37%
Blitz
35%
John-Shit,
35%
klicken
35%
reden
35%
Überstundenschicht
35%
weiter
35%
beeindruckt
33%
Deshalb
33%
feiern,
33%
getroffen
33%
richtig
33%
verbalem
33%
getippt
31%
müdem
31%
sitz
31%
Tunnelblick,
31%
wandt
31%
Genick
29%
gebrochen,
27%
Kosten,
27%
weil
27%
Jihadi
24%
dacht
22%
leerem
22%
echt
20%
eFukt
20%
Keine übereinstimmenden Quizze gefunden
Verteilung der Resultate
Anzahl Personen mit jedem Resultat
Perzentil nach korrekt beantworteten Fragen
Ihre Resultats-Entwicklung
Sie haben dieses Quiz noch nicht gespielt